00542nam a2200181Ia 450000500170000000800410001702000150005808200160007324500680008926000340015730000170019165000080020865000140021670000240023094200060025495200850026099900150034520240610005345.0240331s9999 xx 000 0 und d a9558085006 a305.8bNEG. 0aNegotiating peace in Sri Lanka :befforts, failures and Lessons aUKbInternational Alertc1988 ax, 420 p .,  aLaw aPolitical aRupesinghe,K. eedt cL 001040708LaWERCLbWERCLcSSCd2024-03-31l0p5566r2024-03-31w2024-03-31yL c4475d4475